Alltagswissen und oertliche Sozialkontrolle: eine gemeindesoziologische Untersuchung im Umfeld der Schule
| Main Author: | |
|---|---|
| Format: | Print Book |
| Language: | German |
| Published: |
1978
|
| In: | Year: 1978 |
| Availability in Tübingen: | Present in Tübingen. IFK: O IX 12 UB: KB 9 A 321 UB: US 78.7311 |
| Check availability: | HBZ Gateway |
| Subito Delivery Service: | Order now. |
| Keywords: |
MARC
| LEADER | 00000cam a22000002c 4500 | ||
|---|---|---|---|
| 001 | 1076650635 | ||
| 003 | DE-627 | ||
| 005 | 20240506135435.0 | ||
| 007 | tu | ||
| 008 | 850101s1978 xx ||||| m 00| ||ger c | ||
| 035 | |a (DE-627)1076650635 | ||
| 035 | |a (DE-576)006650635 | ||
| 035 | |a (DE-599)BSZ006650635 | ||
| 035 | |a (OCoLC)310539434 | ||
| 035 | |a (DE-604)803622491x | ||
| 040 | |a DE-627 |b ger |c DE-627 |e rakwb | ||
| 041 | |a ger | ||
| 084 | |a 2,1 |2 ssgn | ||
| 084 | |a 521 |2 bwlb | ||
| 084 | |a 910 |2 bwlb | ||
| 100 | 1 | |a Best, Peter |0 (DE-588)1051997070 |0 (DE-627)787353973 |0 (DE-576)405494653 |4 aut | |
| 109 | |a Best, Peter |a Best, P. | ||
| 245 | 1 | 0 | |a Alltagswissen und oertliche Sozialkontrolle |b eine gemeindesoziologische Untersuchung im Umfeld der Schule |c Peter Best |
| 264 | 1 | |c 1978 | |
| 300 | |a V, 238, [34] S. |b graph. Darst., Kt. | ||
| 336 | |a Text |b txt |2 rdacontent | ||
| 337 | |a ohne Hilfsmittel zu benutzen |b n |2 rdamedia | ||
| 338 | |a Band |b nc |2 rdacarrier | ||
| 502 | |a Bremen, Univ., Diss., 1978 | ||
| 583 | 1 | |a Archivierung/Langzeitarchivierung gewährleistet |f SSG |x XA-DE-BW |2 pdager |5 DE-21 | |
| 650 | 0 | 7 | |0 (DE-588)4053474-1 |0 (DE-627)104409630 |0 (DE-576)209103981 |a Schule |2 gnd |7 (dpeaa)DE-631 |
| 650 | 0 | 7 | |0 (DE-588)4299677-6 |0 (DE-627)104118830 |0 (DE-576)211020583 |a Soziokultur |2 gnd |7 (dpeaa)DE-631 |
| 650 | 0 | 7 | |0 (DE-588)4055719-4 |0 (DE-627)106157027 |0 (DE-576)209115106 |a Soziale Kontrolle |2 gnd |7 (dpeaa)DE-631 |
| 651 | 7 | |0 (DE-588)4018272-1 |0 (DE-627)106326686 |0 (DE-576)208923535 |a Freiburg im Breisgau |2 gnd |7 (dpeaa)DE-631 | |
| 655 | 7 | |a Hochschulschrift |0 (DE-588)4113937-9 |0 (DE-627)105825778 |0 (DE-576)209480580 |2 gnd-content | |
| 689 | 0 | 0 | |d s |0 (DE-588)4027266-7 |0 (DE-627)106285335 |0 (DE-576)208970134 |a Interaktion |2 gnd |
| 689 | 0 | 1 | |d s |0 (DE-588)4053474-1 |0 (DE-627)104409630 |0 (DE-576)209103981 |a Schule |2 gnd |
| 689 | 0 | 2 | |d s |0 (DE-588)4055719-4 |0 (DE-627)106157027 |0 (DE-576)209115106 |a Soziale Kontrolle |2 gnd |
| 689 | 0 | |5 (DE-627) | |
| 751 | |a Bremen |0 (DE-588)4008135-7 |0 (DE-627)106369636 |0 (DE-576)208874569 |4 uvp | ||
| 935 | |a BWLB | ||
| 951 | |a BO | ||
| ELC | |b 1 | ||
| LOK | |0 000 xxxxxcx a22 zn 4500 | ||
| LOK | |0 001 2052179321 | ||
| LOK | |0 003 DE-627 | ||
| LOK | |0 004 1076650635 | ||
| LOK | |0 005 20030206000000 | ||
| LOK | |0 008 030206||||||||||||||||ger||||||| | ||
| LOK | |0 040 |a DE-21 |c DE-627 |d DE-21 | ||
| LOK | |0 852 |a DE-21 | ||
| LOK | |0 852 1 |c US 78.7311 |9 00 | ||
| LOK | |0 935 |a pro7 |a konv | ||
| LOK | |0 939 |a 06-02-03 |b l01 | ||
| LOK | |0 000 xxxxxcx a22 zn 4500 | ||
| LOK | |0 001 2822333246 | ||
| LOK | |0 003 DE-627 | ||
| LOK | |0 004 1076650635 | ||
| LOK | |0 005 20141120113220 | ||
| LOK | |0 008 141120||||||||||||||||ger||||||| | ||
| LOK | |0 040 |a DE-21 |c DE-627 |d DE-21 | ||
| LOK | |0 852 |a DE-21 | ||
| LOK | |0 852 1 |c KB 9 A 321 |9 00 | ||
| LOK | |0 935 |a krim | ||
| LOK | |0 936ln |a k3.2 | ||
| LOK | |0 939 |a 20-11-14 |b l02 | ||
| LOK | |0 000 xxxxxcx a22 zn 4500 | ||
| LOK | |0 001 205217933X | ||
| LOK | |0 003 DE-627 | ||
| LOK | |0 004 1076650635 | ||
| LOK | |0 005 20141125140612 | ||
| LOK | |0 008 930427||||||||||||||||ger||||||| | ||
| LOK | |0 040 |a DE-21-110 |c DE-627 |d DE-21-110 | ||
| LOK | |0 689 |a s |a Schule | ||
| LOK | |0 852 |a DE-21-110 | ||
| LOK | |0 852 1 |c O IX 12 |m p |9 00 | ||
| LOK | |0 935 |a k110 | ||
| LOK | |0 936ln |a 7.3.1.1 | ||
| LOK | |0 938 |k p | ||
| LOK | |0 939 |a 27-04-93 |b l01 | ||
| LOK | |0 000 xxxxxcx a22 zn 4500 | ||
| LOK | |0 001 2594608513 | ||
| LOK | |0 003 DE-627 | ||
| LOK | |0 004 1076650635 | ||
| LOK | |0 005 20090309172441 | ||
| LOK | |0 008 090309||||||||||||||||ger||||||| | ||
| LOK | |0 040 |a DE-Frei85 |c DE-627 |d DE-Frei85 | ||
| LOK | |0 852 |a DE-Frei85 | ||
| LOK | |0 852 1 |m p |9 00 | ||
| LOK | |0 938 |k p | ||
| LOK | |0 939 |a 09-03-09 |b l01 | ||
| ORI | |a SA-MARC-krimdoka001.raw | ||
| SIG | |a IFK: O IX 12 | ||
| SIG | |a UB: KB 9 A 321 | ||
| SIG | |a UB: US 78.7311 | ||
